| 000 | 01143pam a22002894a 4500 | ||
|---|---|---|---|
| 008 | |||
| 020 | _a184407319X (hardback) | ||
| 049 | _aMAIN | ||
| 090 |
_aHC800 _bWAT |
||
| 245 | 0 | 0 |
_aWater governance for sustainable development / _cedited by Sylvain Perret, Stefano Farolfi and Rashid Hassan. |
| 260 |
_aLondon : _bEarthscan, _c2006. |
||
| 300 |
_axxiv, 295 p. : _bill., maps ; _c24 cm. |
||
| 500 | _aIncludes index. | ||
| 500 | _a"The idea of the present book originated during the international workshop on Water Resource Management for Local Development: Governance, Institutions and Policies (WRM2004, Loskop Dam, South Africa, 8-11 November 2004)" | ||
| 650 | 0 |
_aSustainable development _zAfrica. |
|
| 650 | 0 |
_aWater-supply _zAfrica _xManagement. |
|
| 650 | 0 |
_aWater quality management _zAfrica. |
|
| 650 | 0 |
_aWater resources development _zAfrica. |
|
| 700 | 1 |
_aPerret, S. _q(Sylvain) |
|
| 700 | 1 | _aFarolfi, Stefano. | |
| 700 | 1 | _aHassan, Rashid M. | |
| 907 |
_a.b10253956 _b20-10-09 _c02-04-08 |
||
| 003 | |||
| 005 | 20230123124903.0 | ||
| 040 | _cNUST | ||
| 942 |
_cBOOKS _kHC800 _mWAT |
||
| 999 |
_c132014 _d132014 |
||